Cultura y compromiso : estudio sobre la ruptura generacional.

Guardado en:
書目詳細資料
主要作者: Mead, Margaret (autor)
格式: 圖書
語言:西班牙语
叢編:(Libertad y cambio)
主題:
標簽: 添加標簽
沒有標簽, 成為第一個標記此記錄!

MARC

LEADER 00000cam^a2200000uu^4500
001 000485379
005 20250521000000.0
008 032108s1970^^^^^^^^^^^^rd^r^^000^0^spa^d
009 20260310125157.324
035 |a FCE 000028450 
035 |a FCE 026737 
037 |a Acervo ITESO - Biblioteca 
041 |a spa 
082 0 4 |a 301.2  |b MEAc 
100 |a Mead, Margaret  |e (autor) 
245 1 0 |a Cultura y compromiso :  |b estudio sobre la ruptura generacional. 
264 |a Buenos Aires :  |b Granica,  |c 1970. 
300 |a 134 p. 
336 |a texto  |b txt  |2 rdacontenido 
337 |a sin mediación  |b n  |2 rdamedio 
338 |a volumen  |b nc  |2 rdasoporte 
440 0 |a (Libertad y cambio) 
649 |a XX 
650 |a Familia 
650 |a Cultura 
650 |a Jóvenes 
650 |a Juventud 
650 |a Antropología social 
650 |a Relaciones familiares 
650 |a Modernidad 
650 |a Evaluación del docente 
910 |a Fondo Centro de Estudios Educativos 
920 |a Impresos - Libros 
930 |a Fondos Especiales 
905 |a 133 
901 |a ALE026737  |b IT2  |c CEE  |u 20250521 
902 |a https://opac.biblio.iteso.mx/vufind/Record/000485379